Kuhn-Tucker optimality conditions in model of a monopoly production price differentiation
Enregistré dans:
| Auteur principal: | |
|---|---|
| Autres auteurs: | |
| Format: | Chapitre de livre |
| Langue: | anglais |
| Tags: |
Pas de tags, Soyez le premier à ajouter un tag!
|
MARC
| LEADER | 00000nla a2200000 4500 | ||
|---|---|---|---|
| 001 | 0176533 | ||
| 005 | 20240502083418.2 | ||
| 041 | 0 | |a eng | |
| 044 | |a CZ | ||
| 245 | 1 | 0 | |a Kuhn-Tucker optimality conditions in model of a monopoly production price differentiation |c Eleonora Fendeková, Michal Fendek |
| 100 | 1 | |a Fendeková, Eleonora, 1952- | |
| 700 | 1 | |a Fendek, Michal | |